| 000 | 00582nam a22002057a 4500 | ||
|---|---|---|---|
| 003 | BD-DhSAU | ||
| 005 | 20231018112150.0 | ||
| 008 | 230621b2022 ii a|||| |||| 001 0 eng d | ||
| 020 | _a9788120333383 | ||
| 040 | _aBD-DhSAU | ||
| 082 |
_222 _a630.251505 R1802 |
||
| 100 | _aRao, G. S. I. H. V. Prasada | ||
| 245 |
_aAgricultural meteorology / _cG. S. I. H. V. Prasada Rao |
||
| 260 |
_aDelhi: _bPHI Learing Private Limited; _c2022. |
||
| 300 |
_axix, 364 p. : _bill. ; _c23 cm. |
||
| 500 | _aIncludes index. | ||
| 590 | _aRoy | ||
| 650 | _aMeteorology | ||
| 942 |
_2ddc _cBOOK |
||
| 999 |
_c17202 _d17201 |
||